000 00279nam a22001217a 4500
003 OSt
005 20260116144323.0
008 260116b |||||||| |||| 00| 0 eng d
040 _cfms
100 _aSingh (k)
_9898311
245 _aOrganizational Behavioral
942 _2CC
_cTB
_n0
999 _c1490812
_d1490812